Dzielnice Warszawy - Statystyki

Ogólne statystyki
  • Ten quiz został rozwiązany 249 razy
  • Średni wynik to 10 z 18
Statystyki odpowiedzi
Dzielnica % Poprawnych
Praga Północ
84%
Praga Południe
82%
Mokotów
78%
Śródmieście
76%
Ursynów
69%
Wola
65%
Żoliborz
62%
Ursus
57%
Bielany
56%
Bemowo
55%
Włochy
54%
Ochota
53%
Wilanów
52%
Białołęka
47%
Targówek
46%
Wawer
45%
Rembertów
36%
Wesoła
30%
Nie znaleziono quizów pasujących do podanych kryteriów
Rozkład punktacji
Procent ludzi z każdym wynikiem
Percentyl według liczby udzielonych odpowiedzi
Twoja historia wyników
Nie rozwiązałeś tego quizu